Normal view
MARC view
Entry Personal Name
001 - CONTROL NUMBER
- control field: 15737
003 - CONTROL NUMBER IDENTIFIER
- control field: dpl
005 - DATE AND TIME OF LATEST TRANSACTION
- control field: 20100820161449.0
008 - FIXED-LENGTH DATA ELEMENTS
- fixed length control field: 100820|||a|||||| | ||| d
040 ## - CATALOGING SOURCE
- Original cataloging agency: dpl
- Transcribing agency: dpl
100 ## - HEADING--PERSONAL NAME
- Personal name: Gaikwad, M. C.
670 ## - SOURCE DATA FOUND
- Source citation: Work cat.: (dpl): Korad, V. S. 15735, Studies on diversity, distribution and habitat preference of Bat species in Pune district, Maharashtra /, 2010
670 ## - SOURCE DATA FOUND
- Source citation: Work cat.: (dpl): Korad, V. S. 15735, Studies on diversity, distribution and habitat preference of Bat species in Pune district, Maharashtra /, 2010
